Statistics for Capitals of the Most Important Country Subdivisions

Click here to take the quiz!

General Stats

  • This quiz has been taken 147 times
  • The average score is 21 of 36

Answers on the Map

Answers color-coded by a green-red scale on the quiz's map according to % correct below.
 

Answer Stats

SubdivisionCapital% Correct
EnglandLondon
90%
CaliforniaSacramento
90%
Île-de-FranceParis
89%
TexasAustin
88%
TokyoTokyo
88%
MaharashtraMumbai
85%
São PauloSão Paulo
85%
New YorkAlbany
84%
GuangdongGuangzhou
77%
BavariaMunich
77%
Seoul Capital AreaSeoul
76%
OntarioToronto
76%
SindhKarachi
72%
West BengalKolkata
72%
KarnatakaBengaluru
69%
Tamil NaduChennai
69%
FloridaTallahassee
69%
PunjabLahore
67%
HubeiWuhan
63%
IllinoisSpringfield
62%
North Rhine-WestphaliaDüsseldorf
58%
PennsylvaniaHarrisburg
56%
SichuanChengdu
55%
GujaratGandhinagar
55%
OhioColumbus
52%
Uttar PradeshLucknow
49%
JiangsuNanjing
39%
RajasthanJaipur
37%
ZhejiangHangzhou
26%
Madhya PradeshBhopal
24%
HunanChangsha
22%
HenanZhengzhou
22%
AnhuiHefei
20%
ShandongJinan
19%
BiharPatna
17%
HebeiShijiazhuang
14%

Score Distribution

Percentile by Number Answered

Percent of People with Each Score

Your Score History

You have not taken this quiz